[Event "Cairo Al Ain op"]
[Site "Cairo"]
[Date "2023.11.29"]
[Round "5"]
[White "Ezat, Mohamed Mahmoud"]
[Black "Yousry, Salah"]
[Result "1/2-1/2"]
[WhiteElo "2371"]
[BlackElo "2140"]
[PlyCount "106"]
[EventDate "2023.11.27"]
[EventType "swiss"]
[EventRounds "10"]
[EventCountry "EGY"]
[SourceTitle "CB49_2023"]
[SourceDate "2023.12.06"]
[SourceVersion "1"]
[SourceVersionDate "2023.12.06"]
[SourceQuality "1"]

1. d4 d5 2. c4 c6 3. Nc3 Nf6 4. Nf3 dxc4 5. e4 b5 6. Be2 a5 7. a4 b4 8. e5 bxc3 9. exf6 cxb2 10. fxg7 Bxg7 11. Bxb2 Be6 12. Qc2 Qd5 13. 0-0 Na6 14. Rac1 Nb4 15. Qd2 Nd3 16. Bxd3 cxd3 17. Rfe1 Rg8 18. Qxd3 Qb3 19. Qe4 Qd5 20. Qxh7 Kf8 21. Ba3 Bf6 22. Re3 Rb8 23. Qh6+ Ke8 24. Qf4 Rd8 25. Qc7 Rc8 26. Qb7 Qd7 27. Qxd7+ Bxd7 28. Ne5 Be6 29. Rxc6 Rd8 30. Nf3 Bxd4 31. Re1 Bf6 32. Bc5 Rg4 33. h4 Rxa4 34. Ra6 Rd5 35. Ra8+ Rd8 36. Ra7 Rd7 37. Ra8+ Rd8 38. Ra7 Kf8 39. g3 Rd5 40. Rc1 Rd7 41. Rxd7 Bxd7 42. Ng5 Ra1 43. Rxa1 Bxa1 44. Ba3 Bc6 45. Kf1 Bb5+ 46. Ke1 Bc3+ 47. Kd1 Bd4 48. Ne4 f5 49. Bc5 Bb2 50. Kc2 Be5 51. Ng5 Ba4+ 52. Kb1 Bb3 53. Nf3 Ke8 1/2-1/2

[Event "Cairo Egyptian op"]
[Site "Cairo"]
[Date "2016.04.26"]
[Round "7"]
[White "Yousry, Salah"]
[Black "Ismail, Youssef"]
[Result "1-0"]
[WhiteElo "2266"]
[BlackElo "2164"]
[PlyCount "109"]
[EventDate "2016.04.22"]
[EventType "swiss"]
[EventRounds "9"]
[EventCountry "EGY"]
[SourceTitle "CBM 172 Extra"]
[Source "ChessBase"]
[SourceDate "2016.06.21"]
[SourceVersion "1"]
[SourceVersionDate "2016.06.21"]
[SourceQuality "1"]

1. c4 e6 2. Nf3 c5 3. g3 Nf6 4. Bg2 Nc6 5. 0-0 d5 6. cxd5 exd5 7. d4 c4 8. Nc3 h6 9. Ne5 Be6 10. Nxc4 dxc4 11. d5 Nxd5 12. Nxd5 Bc5 13. Nf4 Qxd1 14. Rxd1 Bd7 15. Bd5 g5 16. Bxf7+ Kxf7 17. Rxd7+ Ke8 18. Rd5 Bb6 19. Ng2 Rf8 20. Be3 Rd8 21. Rad1 Rf5 22. R5d2 Ba5 23. Rxd8+ Bxd8 24. Bc1 b5 25. Ne3 Rf7 26. Rd6 Rf6 27. Rd5 a6 28. a4 Ne7 29. Re5 bxa4 30. Nxc4 Rc6 31. Re4 Bc7 32. Bd2 Kd8 33. Na3 Ng6 34. Rxa4 Be5 35. Nc4 Bf6 36. Kg2 Ne5 37. Nxe5 Bxe5 38. Bc3 Bxc3 39. bxc3 Kc7 40. h4 Kb6 41. hxg5 hxg5 42. c4 a5 43. Kh3 Rh6+ 44. Kg4 Rh2 45. Kf3 Rh1 46. Kg4 Rh2 47. f3 Rxe2 48. Kxg5 Re3 49. Kg4 Rb3 50. Kf4 Rb4 51. Rxb4+ axb4 52. Ke3 Ka5 53. Kd2 Ka4 54. Kc2 Ka3 55. Kb1 1-0

[Event "Dubai op 18th"]
[Site "Dubai"]
[Date "2016.04.11"]
[Round "1"]
[White "Yousry, Salah"]
[Black "Amin, Bassem"]
[Result "0-1"]
[WhiteElo "2266"]
[BlackElo "2655"]
[PlyCount "142"]
[EventDate "2016.04.11"]
[EventType "swiss"]
[EventRounds "9"]
[EventCountry "UAE"]
[SourceTitle "CBM 172 Extra"]
[Source "ChessBase"]
[SourceDate "2016.06.21"]
[SourceVersion "1"]
[SourceVersionDate "2016.06.21"]
[SourceQuality "1"]

1. d4 Nf6 2. Nf3 g6 3. c4 Bg7 4. Nc3 0-0 5. e4 d6 6. h3 e5 7. dxe5 dxe5 8. Qxd8 Rxd8 9. Bg5 c6 10. Be2 h6 11. Bh4 Re8 12. Rd1 Nh5 13. Rd8 Rxd8 14. Bxd8 Nf4 15. 0-0 Be6 16. b3 Bf8 17. Rc1 Nd7 18. Bh4 Ba3 19. Rc2 Nxe2+ 20. Nxe2 f6 21. Ne1 g5 22. Bg3 Nc5 23. f3 a5 24. Bf2 a4 25. Bxc5 Bxc5+ 26. Kf1 axb3 27. axb3 Ra1 28. Nc1 f5 29. Ned3 Bd4 30. Ke2 h5 31. Ra2 Rxa2+ 32. Nxa2 Kg7 33. exf5 Bxf5 34. g4 Be6 35. Nab4 e4 36. fxe4 hxg4 37. Nc2 Bb6 38. c5 Bc7 39. Nd4 Bc8 40. hxg4 Bxg4+ 41. Ke3 Kf6 42. b4 Bd7 43. Nf3 g4 44. Nd2 Be6 45. Nf4 Bf7 46. Nd3 Bh2 47. Kf2 Kg5 48. Nf1 Bf4 49. Ng3 Bc4 50. Nb2 Bb5 51. Nf5 Bd2 52. Nd6 Bxb4 53. Nxb7 Kf4 54. Kg2 Be2 55. Kf2 Ba6 56. Nd8 Bb5 57. Kg2 Kxe4 58. Nd1 Bxc5 59. Nc3+ Kf5 60. Nb7 Bb4 61. Nd1 Kf4 62. Nd8 Be2 63. Nf2 Bf3+ 64. Kf1 Be7 65. Ne6+ Ke5 66. Ng7 g3 67. Nd3+ Ke4 68. Ne1 Bb4 69. Ne6 Bxe1 70. Kxe1 Ke3 71. Kf1 Bd5 0-1

[Event "Cairo Egyptian op"]
[Site "Cairo"]
[Date "2015.11.19"]
[Round "6"]
[White "Nyazi, Nehad"]
[Black "Yousry, Salah"]
[Result "1/2-1/2"]
[WhiteElo "2196"]
[BlackElo "2261"]
[PlyCount "33"]
[EventDate "2015.11.15"]
[EventType "swiss"]
[EventRounds "11"]
[EventCountry "EGY"]
[SourceTitle "CBM 170 Extra"]
[Source "ChessBase"]
[SourceDate "2016.02.25"]
[SourceVersion "1"]
[SourceVersionDate "2016.02.25"]
[SourceQuality "1"]

1. d4 e6 2. Bf4 f5 3. Nd2 Nf6 4. Ngf3 b6 5. e3 Bb7 6. Bd3 Be7 7. h3 0-0 8. c3 Ne4 9. Qc2 g5 10. Bh2 Nxd2 11. Kxd2 c5 12. Rhg1 cxd4 13. exd4 Bf6 14. Bd6 Be7 15. Bh2 Bf6 16. Bd6 Be7 17. Bh2 1/2-1/2

[Event "Dubai op 17th"]
[Site "Dubai"]
[Date "2015.04.12"]
[Round "7"]
[White "Yousry, Salah"]
[Black "Shimanov, Aleksandr"]
[Result "0-1"]
[WhiteElo "2304"]
[BlackElo "2594"]
[PlyCount "70"]
[EventDate "2015.04.06"]
[EventType "swiss"]
[EventRounds "9"]
[EventCountry "UAE"]
[SourceTitle "CBM 165 Extra"]
[Source "ChessBase"]
[SourceDate "2015.04.21"]
[SourceVersion "1"]
[SourceVersionDate "2015.04.21"]
[SourceQuality "1"]

1. e4 c6 2. Nf3 d5 3. exd5 cxd5 4. Bb5+ Bd7 5. Bxd7+ Qxd7 6. d4 Nc6 7. 0-0 e6 8. Bf4 Nge7 9. c3 Ng6 10. Ne5 Ngxe5 11. Bxe5 f6 12. Bg3 h5 13. h3 g5 14. Qd3 0-0-0 15. b4 h4 16. Bh2 Bd6 17. Nd2 Rhg8 18. f3 Bxh2+ 19. Kxh2 f5 20. Nb3 g4 21. fxg4 fxg4 22. Nc5 Qd6+ 23. Kh1 Rde8 24. Rf7 Nd8 25. Rd7 Qb8 26. hxg4 Rxg4 27. Qb5 Rxg2 28. Rxd8+ Rxd8 29. Qxb7+ Qxb7 30. Nxb7 Rdg8 31. Nc5 R2g3 32. Kh2 Rg2+ 33. Kh1 h3 34. Re1 Rxa2 35. Rxe6 Rgg2 0-1

[Event "Arab Clubs-chT"]
[Site "Marrakesh"]
[Date "2014.05.28"]
[Round "6"]
[White "Mefleh, Fouad"]
[Black "Yousry, Salah"]
[Result "1/2-1/2"]
[WhiteElo "2143"]
[BlackElo "2270"]
[PlyCount "74"]
[EventDate "2014.05.24"]
[EventType "team-swiss"]
[EventRounds "9"]
[EventCountry "MAR"]
[SourceTitle "EXT 2018"]
[Source "ChessBase"]
[SourceDate "2017.10.13"]
[SourceVersion "1"]
[SourceVersionDate "2017.10.13"]
[SourceQuality "1"]
[WhiteTeam "Mourawaa"]
[BlackTeam "Club Houar"]
[WhiteTeamCountry "YEM"]
[BlackTeamCountry "EGY"]

1. e4 c5 2. Nc3 d6 3. g3 g6 4. Bg2 Bg7 5. d3 Nc6 6. Be3 Rb8 7. Qd2 b5 8. f4 b4 9. Nd1 Bd7 10. Ne2 e6 11. 0-0 Nge7 12. h3 Nd4 13. g4 Nxe2+ 14. Qxe2 Nc6 15. f5 Be5 16. f6 h5 17. g5 h4 18. Bf2 Rh5 19. c3 bxc3 20. bxc3 Qa5 21. Rc1 Bf4 22. Be3 Bxg5 23. Bxg5 Rxg5 24. Ne3 Ne5 25. d4 cxd4 26. cxd4 Bb5 27. Qb2 Nd3 28. Qc3 Qxc3 29. Rxc3 Rg3 30. Rf3 Rxf3 31. Bxf3 Nf4 32. Rc7 Nxh3+ 33. Kg2 Nf4+ 34. Kh2 Be2 35. Bxe2 Rb2 36. Rc2 Rxc2 37. Z0 Kf8 1/2-1/2

[Event "Cairo Masters op"]
[Site "Cairo"]
[Date "2014.02.23"]
[Round "5"]
[White "Yousry, Salah"]
[Black "Hamed, Ashraf"]
[Result "1-0"]
[WhiteElo "2265"]
[BlackElo "2100"]
[PlyCount "59"]
[EventDate "2014.02.20"]
[EventType "swiss"]
[EventRounds "9"]
[EventCountry "EGY"]
[SourceTitle "EXT 2015"]
[Source "ChessBase"]
[SourceDate "2014.11.20"]
[SourceVersion "1"]
[SourceVersionDate "2014.11.20"]
[SourceQuality "1"]

1. c4 e5 2. Nc3 Nf6 3. Nf3 Nc6 4. g3 g6 5. Bg2 Bg7 6. 0-0 0-0 7. d4 exd4 8. Nxd4 Ne5 9. b3 d6 10. Bb2 Rb8 11. h3 Bd7 12. Qd2 Re8 13. Rad1 Qc8 14. Kh2 Nc6 15. Nc2 Ne7 16. e4 Bc6 17. Ne3 a6 18. f4 b6 19. e5 dxe5 20. fxe5 Bxg2 21. Nxg2 Nh5 22. Nd5 Nf5 23. g4 Nhg3 24. gxf5 Nxf1+ 25. Rxf1 gxf5 26. Qg5 Kh8 27. Rxf5 Re6 28. Ngf4 Bh6 29. Qh5 Bg7 30. Nf6 1-0

[Event "Cairo zt 4.2"]
[Site "Cairo"]
[Date "2013.05.04"]
[Round "6"]
[White "Yousry, Salah"]
[Black "Hassan, Sayed Barakat"]
[Result "1/2-1/2"]
[WhiteElo "2297"]
[BlackElo "2363"]
[PlyCount "106"]
[EventDate "2013.04.30"]
[EventType "tourn"]
[EventRounds "9"]
[EventCountry "EGY"]
[EventCategory "2"]
[SourceTitle "CBM 154 Extra"]
[Source "ChessBase"]
[SourceDate "2013.06.25"]
[SourceVersion "2"]
[SourceVersionDate "2013.06.25"]
[SourceQuality "1"]

1. Nf3 Nf6 2. c4 d6 3. d4 g6 4. g3 Bg7 5. Nc3 0-0 6. Bg2 c6 7. 0-0 Qa5 8. h3 Be6 9. Qd3 Qa6 10. b3 d5 11. Ne5 dxc4 12. Nxc4 Rd8 13. Be3 Nbd7 14. Ne5 Qa5 15. Nf3 Bf5 16. Qd2 e5 17. g4 Be6 18. g5 Ne8 19. Ne4 Qc7 20. Rac1 Bd5 21. Qc2 Nd6 22. Nxd6 Qxd6 23. dxe5 Nxe5 24. Nxe5 Qxe5 25. Rfd1 Bxg2 26. Kxg2 Bf8 27. h4 Rd5 28. Rh1 Re8 29. Rh3 Qe6 30. Qc4 Bd6 31. h5 Qf5 32. Rf3 Qe4 33. hxg6 hxg6 34. Rh1 Qxc4 35. bxc4 Ra5 36. Rh4 Be5 37. Re4 Re6 38. Bc1 Rxa2 39. Rfe3 Bb2 40. Rxe6 fxe6 41. Bxb2 Rxb2 42. Rxe6 Kf7 43. Rf6+ Kg7 44. e4 a5 45. Rd6 a4 46. Rd7+ Kf8 47. Kg3 a3 48. Rd8+ Ke7 49. Ra8 a2 50. c5 Rc2 51. f4 Ke6 52. Kg4 Rg2+ 53. Kf3 Rc2 1/2-1/2

[Event "EGY-ch"]
[Site "Cairo"]
[Date "2013.04.01"]
[Round "7"]
[White "Abdel Razik, Khaled"]
[Black "Yousry, Salah"]
[Result "1-0"]
[WhiteElo "2435"]
[BlackElo "2308"]
[PlyCount "51"]
[EventDate "2013.03.26"]
[EventType "swiss"]
[EventRounds "9"]
[EventCountry "EGY"]
[SourceTitle "CBM 153 Extra"]
[Source "ChessBase"]
[SourceDate "2013.04.22"]
[SourceVersion "1"]
[SourceVersionDate "2013.04.22"]
[SourceQuality "1"]

1. c4 e5 2. g3 Nf6 3. Bg2 d5 4. cxd5 Nxd5 5. Nc3 Nb6 6. Nf3 Nc6 7. 0-0 Be7 8. d3 0-0 9. Be3 Be6 10. Na4 e4 11. Ne1 exd3 12. Nxd3 Bd5 13. Bh3 Nc4 14. Bc5 b6 15. Nf4 Be4 16. Qc1 N6e5 17. Rd1 Qe8 18. Bxe7 Qxe7 19. Nc3 Bb7 20. b3 Na3 21. Ncd5 Qc5 22. Qb2 c6 23. Rac1 Qa5 24. Qxe5 cxd5 25. Nh5 f6 26. Qe7 1-0

[Event "Zgazig Sharkia op 3rd"]
[Site "Zgazig"]
[Date "2013.03.14"]
[Round "5"]
[White "Yousry, Salah"]
[Black "Gouda, Mohamed"]
[Result "1-0"]
[WhiteElo "2308"]
[BlackElo "2008"]
[PlyCount "41"]
[EventDate "2013.03.10"]
[EventType "swiss"]
[EventRounds "9"]
[EventCountry "EGY"]
[SourceTitle "CBM 153 Extra"]
[Source "ChessBase"]
[SourceDate "2013.04.22"]
[SourceVersion "1"]
[SourceVersionDate "2013.04.22"]
[SourceQuality "1"]

1. e4 e5 2. d4 exd4 3. Qxd4 Nc6 4. Qe3 b6 5. Nc3 Nf6 6. Bd2 Bc5 7. Qg3 Qe7 8. 0-0-0 0-0 9. Bg5 Nxe4 10. Bxe7 Nxg3 11. Bxf8 Nxh1 12. Bxc5 bxc5 13. Nh3 Nd4 14. Bd3 Bb7 15. f3 Nxf3 16. gxf3 Bxf3 17. Bxh7+ Kxh7 18. Ng5+ Kg6 19. Nxf3 Nf2 20. Rxd7 Re8 21. Kd2 1-0

[Event "Zgazig Sharkia op 3rd"]
[Site "Zgazig"]
[Date "2013.03.11"]
[Round "2"]
[White "Yousry, Salah"]
[Black "Wafa, Shahenda"]
[Result "1-0"]
[WhiteElo "2308"]
[BlackElo "1826"]
[PlyCount "95"]
[EventDate "2013.03.10"]
[EventType "swiss"]
[EventRounds "9"]
[EventCountry "EGY"]
[SourceTitle "CBM 153 Extra"]
[Source "ChessBase"]
[SourceDate "2013.04.22"]
[SourceVersion "1"]
[SourceVersionDate "2013.04.22"]
[SourceQuality "1"]

1. e4 c5 2. Nf3 Nc6 3. Bb5 g6 4. 0-0 Bg7 5. Re1 e6 6. Bxc6 dxc6 7. d3 e5 8. h3 Ne7 9. Be3 b6 10. Qd2 h6 11. b4 cxb4 12. Qxb4 0-0 13. Qb2 Qc7 14. c3 c5 15. Na3 Ba6 16. d4 cxd4 17. cxd4 exd4 18. Bxd4 Bxd4 19. Nxd4 Qe5 20. Qb4 Rfd8 21. Rad1 Qc5 22. Qxc5 bxc5 23. Nb3 Rxd1 24. Rxd1 Rc8 25. Rd6 c4 26. Rxa6 cxb3 27. axb3 Rc1+ 28. Kh2 Nc8 29. f3 Rc3 30. b4 Rb3 31. Nc2 Rc3 32. Nd4 Rc4 33. Nc6 g5 34. b5 Rc5 35. Nd4 h5 36. Kg3 Rc4 37. Nc6 Rc5 38. Ra5 Kg7 39. h4 gxh4+ 40. Kxh4 Kf8 41. Nd4 Nd6 42. Rxa7 Rc4 43. Nc6 Nxb5 44. Rxf7+ Kg8 45. Rf5 Nd6 46. Rg5+ Kf8 47. Ne5 Ra4 48. Kxh5 1-0

[Event "Alexandria op 18th"]
[Site "Alexandria"]
[Date "2012.08.27"]
[Round "1"]
[White "Yousry, Salah"]
[Black "Abel Naby, Ahmed"]
[Result "1-0"]
[WhiteElo "2347"]
[BlackElo "1994"]
[PlyCount "120"]
[EventDate "2012.08.27"]
[EventType "swiss"]
[EventRounds "9"]
[EventCountry "EGY"]
[SourceTitle "CBM 150 Extra"]
[Source "ChessBase"]
[SourceDate "2012.10.19"]
[SourceVersion "1"]
[SourceVersionDate "2012.10.19"]
[SourceQuality "1"]

1. e4 c5 2. Nc3 d6 3. f4 Nc6 4. Nf3 Bg4 5. h3 Bxf3 6. Qxf3 Nd4 7. Bb5+ Nxb5 8. Nxb5 a6 9. Nc3 e6 10. 0-0 Ne7 11. f5 exf5 12. exf5 Nc6 13. Re1+ Be7 14. f6 gxf6 15. d3 Kd7 16. Nd5 Kc8 17. c3 Kb8 18. a4 f5 19. Qxf5 Bh4 20. Re4 Re8 21. Qxh7 Rxe4 22. Qxe4 Ka7 23. b4 Rc8 24. b5 Ne5 25. Rb1 f5 26. Qxf5 Qf8 27. Qxf8 Rxf8 28. Bf4 Nxd3 29. Bxd6 Bf2+ 30. Kh2 Rd8 31. b6+ Ka8 32. Nc7+ Kb8 33. Bg3 Bxg3+ 34. Kxg3 Rg8+ 35. Kh2 Rf8 36. Rd1 c4 37. Rd2 Rf1 38. Re2 Kc8 39. Re4 Nb2 40. Ne6 Kd7 41. a5 Rc1 42. Nf8+ Kd6 43. Re6+ Kc5 44. Nd7+ Kd5 45. Re2 Nd3 46. Nf6+ Kd6 47. h4 Ra1 48. h5 Nf4 49. Re4 Nxh5 50. Nxh5 Rxa5 51. Nf4 Rc5 52. g4 a5 53. Re2 Kc6 54. Rb2 Rb5 55. Rxb5 Kxb5 56. g5 a4 57. Ne2 Kxb6 58. g6 a3 59. Nc1 Ka5 60. g7 b5 1-0